Statistics for Closest country acrostics- G countries

Click here to take the quiz!

General Stats

  • This quiz has been taken 821 times
  • The average score is 57 of 76

Answer Stats

HintAnswer% Correct
OOman
95%
GGhana
94%
AAngola
92%
NNigeria
90%
GGuinea-Bissau
88%
OOman
88%
YYemen
88%
AAlgeria
87%
MMauritania
87%
EEstonia
86%
GGreece
86%
RRomania
86%
GGabon
85%
BBenin
84%
RRomania
84%
AArmenia
83%
BBurkina Faso
83%
GGermany
83%
GGreece
83%
EEstonia
82%
NNetherlands
81%
NNiger
81%
RRomania
81%
AAlgeria
80%
AAngola
80%
AAntigua and Barbuda
80%
AAustria
80%
GGrenada
80%
EEgypt
79%
GGuinea-Bissau
79%
IIran
79%
IItaly
79%
UUnited States
79%
AAntigua and Barbuda
78%
CCyprus
78%
GGuyana
78%
HHungary
77%
AArgentina
76%
MMonaco
76%
TTrinidad and Tobago
76%
DDominica
75%
EEl Salvador
75%
EEritrea
75%
GGermany
75%
NNiger
75%
YYemen
75%
AAlgeria
74%
AArgentina
74%
NNiger
74%
AAlgeria
73%
NNicaragua
73%
AAntigua and Barbuda
72%
GGambia
72%
GGrenada
72%
MMexico
72%
EEgypt
71%
AArgentina
69%
IItaly
69%
BBurkina Faso
68%
IItaly
68%
NNicaragua
68%
UUnited States
67%
EEcuador
66%
SSenegal
66%
UUganda
66%
UUnited Kingdom
63%
UUnited Kingdom
63%
AAndorra
62%
EEquatorial Guinea
60%
EEquatorial Guinea
59%
IIreland
56%
SSierra Leone
56%
LLiberia
54%
AAndorra
50%
AAndorra
47%
RRepublic of the Congo
40%

Score Distribution

Percentile by Number Answered

Percent of People with Each Score

Your Score History

You have not taken this quiz